LEADER 00987nam--2200373---450- 001 990002840500203316 005 20061128171957.0 010 $a88-04-55138-0 035 $a000284050 035 $aUSA01000284050 035 $a(ALEPH)000284050USA01 035 $a000284050 100 $a20061128d2006----km-y0itay50------ba 101 $aita 102 $aIT 105 $a||||||||001yy 200 1 $a<> Fiat dopo la Fiat$estoria di una crisi$e2000-2005$fGiuseppe Berta 210 $aMilano$cMondadori$d2006 215 $a207 p.$d23 cm. 225 2 $aSaggi 410 0$12001$aSaggi 454 1$12001 461 1$1001-------$12001 606 0 $aFiat$z2000-2005 676 $a338.476292 700 1$aBERTA,$bGiuseppe$f<1952- >$0119664 801 0$aIT$bsalbc$gISBD 912 $a990002840500203316 951 $aEG/187$b2491$cEG 959 $aBK 969 $aDIMEC 979 $aDIMEC$b90$c20061128$lUSA01$h1719 996 $aFiat dopo la Fiat$9993499 997 $aUNISA LEADER 01661nam 2200505 450 001 9910466015803321 005 20200520144314.0 010 $a0-262-33332-5 035 $a(CKB)3710000000776343 035 $a(MiAaPQ)EBC4620081 035 $a(OCoLC)954734701$z(OCoLC)959031779 035 $a(OCoLC-P)954734701 035 $a(MaCbMITP)10703 035 $a(Au-PeEL)EBL4620081 035 $a(CaPaEBR)ebr11242461 035 $a(CaONFJC)MIL944921 035 $a(OCoLC)954734701 035 $a(EXLCZ)993710000000776343 100 $a20160828h20162016 uy 0 101 0 $aeng 135 $aurcnu|||||||| 181 $2rdacontent 182 $2rdamedia 183 $2rdacarrier 200 10$aAttunement $earchitectural meaning after the crisis of modern science /$fAlberto Pe?rez Go?mez 210 1$aCambridge, Massachusetts ;$aLondon, England :$cThe MIT Press,$d2016. 210 4$dİ2016 215 $a1 online resource (300 pages) 300 $aIncludes index. 311 $a0-262-52864-9 330 $aHow architecture can move beyond the contemporary enthusiasms for the technically sustainable and the formally dazzling to enhance our human values and capacities. 606 $aArchitecture$xPhilosophy 606 $aArchitecture$xPsychological aspects 608 $aElectronic books. 615 0$aArchitecture$xPhilosophy. 615 0$aArchitecture$xPsychological aspects. 676 $a720.1 700 $aPe?rez Go?mez$b Alberto$f1949-$0498188 801 0$bMiAaPQ 801 1$bMiAaPQ 801 2$bMiAaPQ 906 $aBOOK 912 $a9910466015803321 996 $aAttunement$92249718 997 $aUNINA